| Tag |
First Indicator |
Second Indicator |
Subfields |
| LEADER |
00000cam a2200000 a 4500 |
| 001 |
in00000409021 |
| 005 |
20151012051823.0 |
| 008 |
850913s1985 dcua b 00100 eng |
| 010 |
|
|
|a 85021682
|
| 020 |
|
|
|a 030903597X (pbk.)
|
| 035 |
|
|
|a (OCoLC)12663471
|
| 035 |
|
|
|9 ABT7713AM
|
| 039 |
0 |
|
|a 2
|b 3
|c 3
|d 3
|e 3
|
| 040 |
|
|
|a DLC
|c DLC
|d OCL
|d TXA
|d UtOrBLW
|
| 049 |
|
|
|a TXAM
|c [A09377980]
|
| 050 |
1 |
0 |
|a SF98.N5
|b R86 1985
|
| 070 |
0 |
|
|a SF98.N5R86
|
| 082 |
0 |
|
|a 636.2/08/52
|2 19
|
| 245 |
0 |
0 |
|a Ruminant nitrogen usage /
|c Subcommittee on Nitrogen Usage in Ruminants, Committee on Animal Nutrition, Board on Agriculture, National Research Council.
|
| 264 |
|
1 |
|a Washington, D.C. :
|b National Academy Press,
|c 1985.
|
| 300 |
|
|
|a vii, 138 pages :
|b illustrations ;
|c 28 cm.
|
| 336 |
|
|
|a text
|b txt
|2 rdacontent
|
| 337 |
|
|
|a unmediated
|b n
|2 rdamedia
|
| 338 |
|
|
|a volume
|b nc
|2 rdacarrier
|
| 500 |
|
|
|a Includes index.
|
| 504 |
|
|
|a Bibliography: pages 75-86.
|
| 650 |
|
0 |
|a Nitrogen in animal nutrition.
|
| 650 |
|
0 |
|a Ruminants
|x Feeding and feeds.
|
| 710 |
2 |
|
|a National Research Council (U.S.).
|b Subcommittee on Nitrogen Usage in Ruminants.
|
| 999 |
|
|
|a MARS
|
| 999 |
f |
f |
|s 9541f734-d998-38d6-91ab-ea2d61bb1bac
|i 89a25e5e-7845-328e-a269-a66bbfb9951b
|t 0
|
| 952 |
f |
f |
|p ric
|a Texas A&M University
|b Rellis Campus
|c Joint Library Facility
|d Remote Storage
|t 0
|e SF98.N5 R86 1985
|h Library of Congress classification
|i unmediated -- volume
|m A14809377980
|
| 998 |
f |
f |
|a SF98.N5 R86 1985
|t 0
|l Remote Storage
|